| 000 | 00461nam a2200181 a 4500 | ||
|---|---|---|---|
| 001 | 3797 | ||
| 003 | CO-ViMGA | ||
| 008 | 141112s2004 ck r 000 u spa d | ||
| 040 |
_aCO-ViMGA _bspa _cCO-ViMGA |
||
| 082 | 0 | 4 | _a616.8917 F765e |
| 100 | 1 | _aFromm, Erich | |
| 245 | 1 | 0 |
_aEspíritu y sociedad : _bobra póstuma VI |
| 260 |
_aBarcelona : _bPaidós, _c1992 |
||
| 300 | _a205 p | ||
| 490 | _aPaidós studio, 98 | ||
| 650 | 1 | 4 | _aPSICOANALISIS |
| 942 |
_2ddc _cBK |
||
| 999 |
_c15816 _d15816 |
||